Specifications for 3D topographical cartography at scales of 1: 1000 and 1: 2000 1000 and 1:
ISBN:
84-9803-031-5
Publicado:
Barcelona :
Diputació. Xarxa de Municipis. Àrea d'Infraestructures, Urbanisme i Habitatge, cop. 2005
Descripción Física:
32 p. ; 30 cm + 1 CD-ROM
Materias:
Mapes topogràfics
MARC
| LEADER | 00000nam a2200000Ia 4500 | ||
|---|---|---|---|
| 001 | 17224 | ||
| 008 | 160829s9999 xx 000 0 cat d | ||
| 020 | |a 84-9803-031-5 | ||
| 080 | |a FU-32-21 | ||
| 245 | |a Specifications for 3D topographical cartography at scales of 1: |b 1000 and 1: |b 2000 | ||
| 260 | |a Barcelona : |b Diputació. Xarxa de Municipis. Àrea d'Infraestructures, Urbanisme i Habitatge, cop. 2005 | ||
| 300 | |a 32 p. ; |c 30 cm + 1 CD-ROM | ||
| 650 | |a Mapes topogràfics |9 38964 | ||
| 710 | |a Barcelona (Catalunya : Província). |b Àrea d'Infraestructures, Urbanisme i Habitatge |9 13533 | ||
| 901 | |a Arxiu | ||
| 942 | |n 1 | ||
| 952 | |0 0 |1 0 |4 0 |6 FU3221 |7 1 |9 48717 |a Arxiu |b Arxiu |d 2016-12-01 |l 0 |o FU-32-21 |p 17224 |r 2016-12-01 00:00:00 |w 2016-12-01 |y ARXIU | ||
| 999 | |c 52547 |d 52547 | ||